Diskurs Kindheits- und Jugendforschung = Discourse : journal of childhood and adolescence research
| Subtitles: | Discourse |
|---|---|
| Format: | Print Journal |
| Language: | German English |
| Subito Delivery Service: | Order now. |
| Check availability: | HBZ Gateway |
| WorldCat: | WorldCat |
| Interlibrary Loan: | Für eine Fernleihe wählen Sie bitte zuerst einen Band oder Aufsatz aus. |
| Published: |
Leverkusen
Budrich
2006-
|
| In: | Year: 2006 |
| Volumes / Articles: | Show volumes/articles. |
| Standardized Subjects / Keyword chains: | B
Research on childhood
B Youth research |
| Further subjects: | B
Journal
|
MARC
| LEADER | 00000cas a2200000 c 4500 | ||
|---|---|---|---|
| 001 | 508332257 | ||
| 003 | DE-627 | ||
| 005 | 20251223211301.0 | ||
| 007 | tu | ||
| 008 | 060301c20069999gw q| p| 0 |0ger c | ||
| 015 | |a 06,A24,0409 |2 dnb | ||
| 016 | 7 | |a 978659260 |2 DE-101 | |
| 016 | 7 | |a 2223484-6 |2 DE-600 | |
| 022 | |a 1862-5002 | ||
| 035 | |a (DE-627)508332257 | ||
| 035 | |a (DE-603)17637874X | ||
| 035 | |a (DE-576)253044561 | ||
| 035 | |a (DE-599)ZDB2223484-6 | ||
| 035 | |a (OCoLC)237127463 | ||
| 040 | |a DE-627 |b ger |c DE-627 |e rakwb | ||
| 041 | |a ger |a eng | ||
| 044 | |c XA-DE | ||
| 082 | 0 | |a 305.23072 |q DE-101 |2 22/ger | |
| 082 | 0 | 4 | |a 300 |a 150 |a 370 |q DE-101 |
| 082 | 0 | 4 | |a 300 |q DE-600 |
| 084 | |a S 600 |2 sfb | ||
| 084 | |a 2,1 |a 5,3 |a 3,4 |2 ssgn | ||
| 084 | |a KRIM |q DE-21 |2 fid | ||
| 084 | |a 71.35 |2 bkl | ||
| 084 | |a 77.55 |2 bkl | ||
| 222 | 0 | |a Diskurs Kindheits- und Jugendforschung | |
| 245 | 0 | 0 | |a Diskurs Kindheits- und Jugendforschung |b = Discourse : journal of childhood and adolescence research |
| 246 | 3 | 1 | |a Discourse |b journal of childhood and adolescence research |
| 264 | 3 | 1 | |a Leverkusen |b Budrich |c 2006- |
| 300 | |c 24 cm | ||
| 336 | |a Text |b txt |2 rdacontent | ||
| 337 | |a ohne Hilfsmittel zu benutzen |b n |2 rdamedia | ||
| 338 | |a Band |b nc |2 rdacarrier | ||
| 362 | 0 | |a 1.2006 - | |
| 363 | 0 | 1 | |a 1 |i 2006 |
| 500 | |a Anfangs ohne Parallelsacht | ||
| 515 | |a Ersch. vierteljährl. | ||
| 546 | |a Text dt., engl. | ||
| 583 | 1 | |a Archivierung/Langzeitarchivierung gewährleistet |c 2020 |f PENW |2 pdager |5 DE-5 | |
| 655 | 7 | |a Zeitschrift |0 (DE-588)4067488-5 |0 (DE-627)10454466X |0 (DE-576)20917000X |2 gnd-content | |
| 689 | 0 | 0 | |d s |0 (DE-588)4394008-0 |0 (DE-627)190553537 |0 (DE-576)211977594 |2 gnd |a Kindheitsforschung |
| 689 | 0 | |5 DE-101 | |
| 689 | 1 | 0 | |d s |0 (DE-588)4194649-2 |0 (DE-627)105217891 |0 (DE-576)21009558X |2 gnd |a Jugendforschung |
| 689 | 1 | |5 DE-101 | |
| 689 | 1 | |5 (DE-627) | |
| 776 | 1 | |x 2193-9713 | |
| 935 | |a SAXB | ||
| 936 | b | k | |a 71.35 |j Kindersoziologie |j Jugendsoziologie |0 (DE-627)106412698 |
| 936 | b | k | |a 77.55 |j Kinderpsychologie |0 (DE-627)10641318X |
| 951 | |a JT | ||
| ACO | |a 1 | ||
| ELC | |b 1 | ||
| ITA | |a 1 | ||
| LOK | |0 000 xxxxxcy a22 3n 4500 | ||
| LOK | |0 001 2511683547 | ||
| LOK | |0 003 DE-627 | ||
| LOK | |0 004 508332257 | ||
| LOK | |0 005 20240314194524 | ||
| LOK | |0 008 060703||||||||||||||||ger||||||| | ||
| LOK | |0 035 |a (DE-600)117537691 | ||
| LOK | |0 040 |a DE-21-110 |c DE-627 |d DE-21-110 | ||
| LOK | |0 092 |o l | ||
| LOK | |0 852 |8 1 | ||
| LOK | |0 852 |a DE-21-110 | ||
| LOK | |0 852 1 |c Z 126 |9 00 | ||
| LOK | |0 85900 |8 1.1 |a 1 |i 2006 | ||
| LOK | |0 85910 |8 1.2 |a 18 |i 2023 | ||
| LOK | |0 86630 |a 1.2006 - 18.2023 | ||
| LOK | |0 939 |a 03-07-06 |b z01 | ||
| LOK | |0 000 xxxxxcy a22 3n 4500 | ||
| LOK | |0 001 2511683911 | ||
| LOK | |0 003 DE-627 | ||
| LOK | |0 004 508332257 | ||
| LOK | |0 005 20240911102824 | ||
| LOK | |0 008 060703||||||||||||||||ger||||||| | ||
| LOK | |0 035 |a (DE-600)11754762X | ||
| LOK | |0 040 |a DE-21-43 |c DE-627 |d DE-21-43 | ||
| LOK | |0 092 |o n | ||
| LOK | |0 852 |8 1 | ||
| LOK | |0 852 |a DE-21-43 | ||
| LOK | |0 852 1 |c Zb 548 |9 00 | ||
| LOK | |0 85901 |8 1.1 |a 1 |i 2006 | ||
| LOK | |0 86630 |a 1.2006 - | ||
| LOK | |0 939 |a 03-07-06 |b z01 | ||
| LOK | |0 000 xxxxxcx a22 zn 4500 | ||
| LOK | |0 001 289542635X | ||
| LOK | |0 003 DE-627 | ||
| LOK | |0 004 508332257 | ||
| LOK | |0 005 20160120151952 | ||
| LOK | |0 008 160120||||||||||||||||ger||||||| | ||
| LOK | |0 040 |a DE-21-110 |c DE-627 |d DE-21-110 | ||
| LOK | |0 852 |a DE-21-110 | ||
| LOK | |0 852 1 |m p |9 00 | ||
| LOK | |0 938 |k p | ||
| LOK | |0 939 |a 20-01-16 |b l01 | ||
| ORI | |a SA-MARC-ixtheob001.raw | ||
| REL | |a 1 | ||
| SPR | |a 1 |t IXT |t REL | ||
| STA | 0 | 0 | |a Research on childhood,Youth research |
| STB | 0 | 0 | |a Recherche sur l'enfance,Recherche sur la jeunesse |
| STC | 0 | 0 | |a Investigación sobre la infancia,Investigación sobre la juventud |
| STD | 0 | 0 | |a Ricerca sui giovani,Ricerca sull'infanzia |
| STG | 0 | 0 | |a Pesquisa sobre a infância,Pesquisa sobre a juventude |
| STH | 0 | 0 | |a Исследование детства,Исследование молодёжи |
| STI | 0 | 0 | |a Έρευνα για τη νεολαία,Έρευνα για την παιδική ηλικία |
| SUB | |a REL | ||
| SYG | 0 | 0 | |a Kindheit , Jugendkunde |



